International trade and export management (Record no. 313153)

MARC details
000 -LEADER
fixed length control field 00556nam a22002057a 4500
005 - DATE & TIME
control field 20240124112253.0
008 - FIXED-LENGTH DATA ELEMENTS--GENERAL INFORMATION
fixed length control field 240111b |||||||| |||| 00| 0 eng d
020 ## - ISBN
International Standard Book Number 9789356938885
Price Rs. 698.00
040 ## - CATALOGING SOURCE
Original cataloging agency VIVEKANANDA LIBRARY
082 ## - DDC NUMBER
Classification number 658.8
Book Number C424I(22)
100 ## - MAIN ENTRY--PERSONAL NAME
Personal name Cherunilam, Francis
245 ## - TITLE STATEMENT
Title International trade and export management
250 ## - EDITION STATEMENT
Edition statement 22nd
260 ## - PUBLICATION, DISTRIBUTION, ETC. (IMPRINT)
Place of publication, distribution, etc Mumbai
Name of publisher, distributor, etc Himalaya Publishing House
Date of publication, distribution, etc 2023
300 ## - PHYSICAL DESCRIPTION
Pages 520
650 ## - Subject
Subject Management
650 ## - Subject
Subject International Trade
650 ## - Subject
Subject Export Management
942 ## - ADDED ENTRY ELEMENTS (KOHA)
Koha item type Books
Holdings
Withdrawn status Lost status Source of classification or shelving scheme Damaged status Not for loan Location (home branch) Sublocation or collection (holding branch) Shelving location Date acquired Koha issues (times borrowed) Koha full call number Accession No. Koha date last seen Koha item type
    Dewey Decimal Classification     VIVEKANANDA LIBRARY VIVEKANANDA LIBRARY IMSAR Library 01/01/2005   658.8 C424I(22) 420051 11/01/2024 Books
    Dewey Decimal Classification     VIVEKANANDA LIBRARY VIVEKANANDA LIBRARY IMSAR Library 11/01/2024   658.8 C424I(22) 420050 11/01/2024 Books
© Designed and Maintained by Vivekananda Library, MDU Rohtak